[Event "BRA CEAX op 5th"]
[Site "Guarapari"]
[Date "2003.10.24"]
[Round "1"]
[White "Bayer, Biazi"]
[Black "Nogueira, Neil Armstrong Lima"]
[Result "1-0"]
[WhiteElo "1817"]
[BlackElo "1800"]
[PlyCount "57"]
[EventDate "2003.10.24"]
[EventType "swiss"]
[EventRounds "6"]
[EventCountry "BRA"]
[SourceTitle "EXT 2006"]
[Source "ChessBase"]
[SourceDate "2005.11.24"]
[SourceVersion "1"]
[SourceVersionDate "2005.11.24"]
[SourceQuality "1"]

1. e4 e5 2. d4 d6 3. dxe5 dxe5 4. Qxd8+ Kxd8 5. Nf3 Nc6 6. Bb5 Nf6 7. Bxc6 bxc6 8. Nxe5 Be6 9. Bg5 Ke8 10. Nd2 Bb4 11. c3 Bd6 12. Nxc6 Ng4 13. h3 Ne5 14. Nxe5 Bxe5 15. Nf3 Bd6 16. Nd4 Bd7 17. Nf5 Be5 18. Be3 Be6 19. Nd4 Bd7 20. f4 Bxd4 21. Bxd4 f6 22. 0-0-0 Bc6 23. Rhe1 Rd8 24. g4 a5 25. e5 f5 26. gxf5 Rf8 27. f6 g6 28. e6 Rg8 29. f7+ 1-0